Normal view
MARC view
- محمد علي محمد بني مقداد
Entry Personal Name
001 - CONTROL NUMBER
- control field: 65718
003 - CONTROL NUMBER IDENTIFIER
- control field: JO-AjAnu
005 - DATE AND TIME OF LATEST TRANSACTION
- control field: 20240626140952.0
008 - FIXED-LENGTH DATA ELEMENTS
- fixed length control field: 240626|| aca||aabn | a|a d
040 ## - CATALOGING SOURCE
- Original cataloging agency: JO-AjAnu
100 ## - HEADING--PERSONAL NAME
- Personal name: محمد علي محمد بني مقداد
- Relator term: مشرف